Reconnaitras tu ces musiciens de rock ? - Statistiques

Statistiques générales
  • Ce quiz a été pris 119 fois
  • Le résultat moyen est 11 sur 20
Statistiques - réponses
Par images Réponse % Correct
Elvis Presley
95%
Kurt Cobain
95%
Freddie Mercury
89%
John Lennon
89%
Jimi Hendrix
85%
Mick Jagger
78%
Saul Hudson
69%
Ozzy Osbourne
68%
James Hetfield
57%
Eric Clapton
49%
David Gilmour
46%
Jimmy Page
44%
Michael Peter Balzary
42%
Brian Johnson
41%
Thom Yorke
31%
Chris Cornell
30%
Stevie Ray Vaughan
21%
Dimebag Darrel
19%
Eddie Vedder
16%
Layne Staley
14%
Aucun quiz correspondant
Distribution des résultats
% des personnes avec chaque résultat
Percentile par nombre de réponses
Votre historique - résultats
Vous n’avez pas pris ce quiz